Statistics for Landlocked Countries

Click here to take the quiz!

General Stats

  • This quiz has been taken 22 times
  • The average score is 38 of 45

Answer Stats

HintAnswer% Correct
South AmericaBolivia
100%
South AmericaParaguay
100%
EuropeHungary
95%
AsiaMongolia
95%
EuropeSan Marino
95%
AsiaTurkmenistan
95%
EuropeAndorra
90%
EuropeBelarus
90%
AsiaBhutan
90%
EuropeCzechia
90%
AsiaKazakhstan
90%
EuropeLiechtenstein
90%
EuropeLuxembourg
90%
AsiaNepal
90%
EuropeNorth Macedonia
90%
EuropeSlovakia
90%
EuropeSwitzerland
90%
AsiaTajikistan
90%
AsiaUzbekistan
90%
EuropeVatican City
90%
AsiaAfghanistan
85%
EuropeKosovo
85%
AfricaMali
85%
AfricaNiger
85%
EuropeSerbia
85%
EuropeAustria
80%
AsiaAzerbaijan
80%
AfricaBurundi
80%
AfricaCentral African Republic
80%
AfricaChad
80%
AfricaEswatini
80%
AsiaKyrgyzstan
80%
AsiaLaos
80%
AfricaLesotho
80%
AfricaRwanda
80%
AfricaEthiopia
75%
EuropeMoldova
75%
AfricaSouth Sudan
75%
AfricaUganda
75%
AfricaZambia
75%
AfricaZimbabwe
75%
AfricaBotswana
70%
AfricaMalawi
70%
AfricaBurkina Faso
65%
AsiaGeorgia
60%

Score Distribution

Percentile by Number Answered

Percent of People with Each Score

Your Score History

You have not taken this quiz